| 000 | 00479nam a22001697a 4500 | ||
|---|---|---|---|
| 003 | OSt | ||
| 008 | 260417b |||||||| |||| 00| 0 eng d | ||
| 082 |
_a581.2326 _bS48S |
||
| 100 | _aSingh, Santosh Kumar | ||
| 245 | _aDie-Back of Chilli (Cepsicum annum L.) Caused by Colletrotrichum capsici (Syd.) Butler and Bisby | ||
| 260 |
_aPusa, Samastipur _bRAU, Pusa _c2002 |
||
| 300 | _a71P. | ||
| 502 |
_bMsc. _d2002 |
||
| 650 | _aPlant Pathology | ||
| 650 | _aMsc. | ||
| 942 |
_2ddc _cT |
||
| 999 |
_c50080 _d50080 |
||